| 000 | 00601nam a22001937a 4500 | ||
|---|---|---|---|
| 003 | 0 | ||
| 005 | 20231002123609.0 | ||
| 008 | 231002b xxu||||| |||| 00| 0 eng d | ||
| 020 | _a978-1-119-12270-8 | ||
| 050 |
_aGE 42 _b.L44 2022 |
||
| 100 | _aLee, Wendy Lynne | ||
| 245 |
_aThis is environmental ethics: an introduction _cWendy Lynne Lee |
||
| 260 |
_aNew Jersey _bJohn Wiley & Sons, Inc. _cc2022. |
||
| 300 |
_axi, 323 pages ; _c24 cm. |
||
| 500 | _aEnvironmental ethics. | ||
| 504 | _aIncludes bibliographical references and index. | ||
| 650 | _aEnvironmental ethics. | ||
| 942 |
_2lcc _cBK |
||
| 999 |
_c365462 _d365462 |
||